|
|
|
|
| LEADER |
00000nam a22000007a 4500 |
| 005 |
20190521220836.0 |
| 007 |
cr|||| |||| |
| 008 |
190521s2013 co |||||s|||| 00||0 spa d |
| 020 |
|
|
|a 978-958-695-876-9
|
| 035 |
|
|
|a 23357
|
| 040 |
|
|
|a vLex
|
| 090 |
|
|
|c 8795
|d 8795
|
| 100 |
1 |
|
|a Lemaitre Ripoll, Julieta
|
| 245 |
1 |
2 |
|a La quintiada (1912-1925)
|h [Recurso electrn̤ico] :
|b La rebelin̤ indg̕ena liderada por Manuel Quintn̕ Lame en el Cauca. Recopilacin̤ de fuentes primarias /
|c Julieta Lemaitre Ripoll
|
| 256 |
|
|
|a Servicio en ln̕ea
|
| 260 |
|
|
|a Bogot:̀
|b Universidad de Los Andes (Colombia),
|c 2013
|
| 300 |
|
|
|a 1 recurso electrn̤ico
|
| 500 |
|
|
|a La Quintiada recopila en orden cronolg̤ico una seleccin̤ de cartas y otros documentos de Manuel Quintn̕ Lame y dems̀ protagonistas de la rebelin̤ indg̕ena del Cauca entre 1914 y 1925. A travš de las cartas, telegramas, noticias de prensa y algunos documentos oficiales se construye un caleidoscopio de diferentes versiones sobre lo sucedido en esa p̌oca, tanto los reclamos indg̕enas como las respuestas de las autoridades y los comentaristas de prensa. A la recopilacin̤ de materiales se agregan tres estudios introductorios. El primero es de Julieta Lemaitre Ripoll y versa sobre la forma como Lame usa el derecho para hablar como autoridad indg̕ena, para promover interpretaciones de la ley favorables a sus intereses indg̕enas y, en l︢timas, para justificar la desobediencia a las leyes de disolucin̤ de resguardos. El segundo, de Karla Escobar, explica el contexto de modernizacin̤, conflictiva y heterogňea, en la que se da la rebelin̤ indg̕ena en el Cauca en este periodo. Por l︢timo, Paulo Bacca da cuenta de la historia personal de Quintn̕ Lame en estos aǫs, a partir de las fuentes primarias y secundarias, Este volumen espera llevar a los lectores no especializados la fuerza de las fuentes primarias, en todo su detalle y complejidad, invitǹdolos a conocer de cerca la historia de un periodo fundacional para el actual movimiento indg̕ena tanto como para los conflictos de tierras que an︢ conmueven a la nacin̤.
|
| 506 |
1 |
|
|a Disponible solo en los productos indicados
|d vLex Global
|d vLex Global (Academic Edition, excluding Law Schools)
|d vLex Global (U.S. Academic Edition, Law Schools)
|d vLex Global (U.S. Academic Edition, excluding Law Schools)
|d vLex Global (Academic Edition, Law Schools)
|
| 650 |
0 |
4 |
|a Derecho Militar
|z Colombia
|
| 740 |
0 |
|
|a vLex Libros (Servicio en ln̕ea)
|
| 856 |
4 |
0 |
|u http://vlex.com/source/quintiada-1912-1925-la-rebelion-indigena-liderada-por-manuel-quintin-lame-en-el-cauca-recopilacion-de-fuentes-primarias-23357
|z Acceso restringido
|
| 942 |
|
|
|c BOOK
|
| 999 |
0 |
|
|a Military Law
|